| 000 | 01892nam a2200397Ia 4500 | ||
|---|---|---|---|
| 001 | ebr10135390 | ||
| 003 | CaPaEBR | ||
| 006 | m u | ||
| 007 | cr cn||||||||| | ||
| 008 | 050427s2005 nyu fsb 001 0 eng d | ||
| 010 | _z 2005283735 | ||
| 015 |
_aGBA552644 _2bnb |
||
| 020 | _z1403978557 | ||
| 020 | _z1403969760 (hbk.) | ||
| 040 |
_aCaPaEBR _cCaPaEBR |
||
| 035 | _a(OCoLC)560535267 | ||
| 050 | 1 | 4 |
_aPR468.C5 _bO35 2005eb |
| 100 | 1 |
_aOhi, Kevin, _d1972- |
|
| 245 | 1 | 0 |
_aInnocence and rapture _h[electronic resource] : _bthe erotic child in Pater, Wilde, James, and Nabokov / _cKevin Ohi. |
| 250 | _a1st ed. | ||
| 260 |
_aNew York, N.Y. : _bPalgrave Macmillan, _c2005. |
||
| 300 | _ax, 226 p. | ||
| 504 | _aIncludes bibliographical references (p. [207]-216) and index. | ||
| 505 | 0 | _aIntroduction : innocence and rapture -- "Doomed creatures of immature radiance" : Renaissance, death, and rapture in Walter Pater -- Narcissists anonymous : reading and Dorian Gray's new worlds -- "Blameless and foredoomed" : innocence and haste in The turn of the screw -- Sentimentality, desire, and aestheticism in Lolita. | |
| 533 |
_aElectronic reproduction. _bPalo Alto, Calif. : _cebrary, _d2009. _nAvailable via World Wide Web. _nAccess may be limited to ebrary affiliated libraries. |
||
| 650 | 0 |
_aEnglish literature _y19th century _xHistory and criticism. |
|
| 650 | 0 | _aChildren and erotica. | |
| 650 | 0 | _aArt for art's sake (Movement) | |
| 650 | 0 |
_aAmerican literature _y19th century _xHistory and criticism. |
|
| 650 | 0 |
_aAmerican literature _y20th century _xHistory and criticism. |
|
| 650 | 0 | _aChildren in literature. | |
| 650 | 0 | _aAestheticism (Literature) | |
| 655 | 7 |
_aElectronic books. _2local |
|
| 710 | 2 | _aebrary, Inc. | |
| 856 | 4 | 0 |
_uhttp://site.ebrary.com/lib/rucke/Doc?id=10135390 _zAn electronic book accessible through the World Wide Web; click to view |
| 999 |
_c187561 _d187561 |
||